The living pslams / Claus Westermann ; tr. por J. R. Porter
Збережено в:
| Автор: | |
|---|---|
| Формат: | Книга |
| Предмети: | |
| Теги: |
Немає тегів, Будьте першим, хто поставить тег для цього запису!
|
MARC
| LEADER | 00000nam^a2200000^u^4500 | ||
|---|---|---|---|
| 001 | 000544269 | ||
| 005 | 20250521000000.0 | ||
| 008 | 060220s1000^^^^^^^^^^^^r^^^^^000^0^spa^d | ||
| 009 | 20260310131324.78 | ||
| 035 | |a FMI 000013395 | ||
| 037 | |a Acervo Xavier Clavigero | ||
| 096 | |a 1.2/78/C | ||
| 100 | |a Westermann, Claus |e (autor) | ||
| 245 | 1 | 4 | |a The living pslams / Claus Westermann ; tr. por J. R. Porter |
| 264 | |a Michigan : William B. Eerdmans Publishing, 1989 | ||
| 300 | |a xi, 306 p. | ||
| 336 | |a texto |b txt |2 rdacontenido | ||
| 337 | |a sin mediación |b n |2 rdamedio | ||
| 338 | |a volumen |b nc |2 rdasoporte | ||
| 597 | |a Trad. del alemán ("Ausgewählte psalmen"). | ||
| 649 | |a XX | ||
| 650 | |a COMENTARIOS BIBLICOS | ||
| 910 | |a Fondo Francisco Migoya Covarrubias S.J. | ||
| 920 | |a Impresos - Libros | ||
| 930 | |a Fondos Especiales | ||
| 905 | |a 134 | ||
| 901 | |a SBC12992 |b IT2 |c ESP |u 20250521 | ||
| 902 | |a https://opac.biblio.iteso.mx/vufind/Record/000544269 | ||